Landmarks of the World 2 - Statistics

General Stats
  • This quiz has been taken 12 times
  • The average score is 5 of 15
Answer Stats
Picture Answer % Correct
Forbidden City
80%
Mont St Michel
60%
Gibraltar
50%
Alhambra
40%
Edinburgh Castle
40%
Hermitage
40%
Kaaba
40%
Burj al Arab
30%
Chateau Frontenac
20%
Lascaux
20%
Pont du Gard
20%
Spire
10%
Bolshoi Theatre
0%
Cappadocia
0%
Pamukkale
0%
No matching quizzes found
Score Distribution
Percent of People with Each Score
Percentile by Number Answered
Your Score History
You have not taken this quiz